| 000 | 00898nam a22003257a 4500 | ||
|---|---|---|---|
| 001 | BR0700543 | ||
| 003 | BR-BrBNA | ||
| 005 | 20230928102326.0 | ||
| 007 | ta | ||
| 008 | 230509b bl.||||| |||| 00| 0 por d | ||
| 040 |
_aBR-BrBNA _bpor _cBiblioteca Nacional de Agricultura |
||
| 041 | _a(Por) | ||
| 072 | _aM40; M01 | ||
| 090 | _ M40 BR0700543 | ||
| 100 | 1 | _aFigueiredo Júnior, A.G. | |
| 100 | 1 | _aTessler, M.G. | |
| 245 | 1 | _aTopografia e composição do substrato marinho da região Sudeste-Sul do Brasil | |
| 260 | 3 |
_aSão Paulo, SP (Brasil): _c2004. |
|
| 300 | _a64 p. | ||
| 500 | _aSummaries (Eng, Por); 6 ref.; 5 illus.; 63 tables | ||
| 650 | _aTOPOGRAFIA | ||
| 650 | _aGEOLOGIA MARINHA | ||
| 650 | _aLITORAL | ||
| 650 | _aMAR | ||
| 650 | _aAMBIENTE BENTICO | ||
| 650 | _aDIREITO MARINHO | ||
| 650 | _aSEDIMENTO | ||
| 909 |
_a202309 _bLucia _c55 _dLucia Elande |
||
| 942 | _cBK | ||
| 999 |
_c70198 _d70198 |
||